Loading...
| Science - Chemistry | 0 | 3 | 0 | 0 | 30 | 61 | 78.67 | 0 | 1 | 6.91 | 15.74 |
| History - European | 0 | 2 | 0 | 1 | 20 | 107 | 110.50 | 0 | 0 | 0.40 | 1.85 |
| Fine Arts - Painting and Sculpture | 0 | 2 | 0 | 2 | 20 | 98 | 105.50 | 0 | 0 | 0.00 | 2.96 |
| Fine Arts - Classical Music | 0 | 2 | 0 | 1 | 20 | 98 | 105.00 | 0 | 0 | 2.26 | 6.67 |
| Literature - European | 0 | 2 | 0 | 0 | 20 | 107 | 108.50 | 0 | 1 | 0.48 | 5.56 |
| Literature - World | 0 | 1 | 0 | 1 | 10 | 115 | 115.00 | 0 | 0 | 0.00 | 1.01 |
| Science - Physics | 0 | 1 | 0 | 0 | 10 | 87 | 87.00 | 0 | 0 | 2.56 | 2.02 |
| Fine Arts - Other | 0 | 1 | 0 | 1 | 10 | 100 | 100.00 | 0 | 0 | 1.36 | 3.70 |
| Geography | 0 | 1 | 0 | 1 | 10 | 84 | 84.00 | 0 | 0 | 3.37 | 14.55 |
| History - Other | 0 | 1 | 0 | 1 | 10 | 103 | 103.00 | 0 | 0 | 0.00 | 3.33 |
| Literature - American | 0 | 1 | 0 | 0 | 10 | 133 | 133.00 | 0 | 0 | 0.08 | 6.48 |
| Religion | 0 | 1 | 0 | 0 | 10 | 60 | 60.00 | 0 | 0 | 5.21 | 6.48 |
| Current Events | 0 | 1 | 0 | 1 | 10 | 109 | 109.00 | 0 | 0 | 0.00 | 1.82 |
| Philosophy | 0 | 1 | 1 | 1 | 5 | 88 | 88.00 | 0 | 0 | 2.22 | 5.21 |
| History - American | 0 | 0 | 0 | 0 | 0 | 0.00 | 0 | 0 | 0.00 | 0.00 | |
| Science - Biology | 0 | 0 | 1 | 0 | -5 | 0.00 | 0 | 0 | 0.00 | 0.00 |